header

A guide to the extrapyramidal side-effects of antipsychotic drugs (Record no. 126020)

MARC details
000 -LEADER
fixed length control field 01262nam a2200301 a 4500
082 04 - DEWEY DECIMAL CLASSIFICATION NUMBER
Classification number 616.8/3
100 1# - MAIN ENTRY--AUTHOR NAME
Personal name Owens, D. G. Cunningham
245 12 - TITLE STATEMENT
Title A guide to the extrapyramidal side-effects of antipsychotic drugs
260 ## - PUBLICATION, DISTRIBUTION, ETC. (IMPRINT)
Place of publication Cambridge ;
-- New York :
Name of publisher Cambridge University Press,
Year of publication 1999.
300 ## - PHYSICAL DESCRIPTION
Number of Pages x, 351 p. :
Other physical details ill.
650 #0 - SUBJECT ADDED ENTRY--TOPICAL TERM
Topical Term Extrapyramidal disorders.
Topical Term Antipsychotic drugs
856 40 - ELECTRONIC LOCATION AND ACCESS
Uniform Resource Identifier http://site.ebrary.com/lib/rucke/Doc?id=2000719

No items available.

© 2026 Rongo University
Contact us: librarian | system librarian | Rongo university